Disputed English Monarchs - Statistics

General Stats
  • This quiz has been taken 20 times
  • The average score is 5 of 9
Answer Stats
Hint Years Ruled Answer % Correct
Ruled for 9 days following the death of King Edward VI, until the Privy Council switched allegiance to Queen Mary I 1553 - 1553 Lady {Jane} Grey
94%
After a coup d'etat, he forcibly took control of England from Parliament to rule as Lord Protector - but is rarely listed alongside other monarchs 1653 - 1658 {Oliver} Cromwell
94%
Was crowned and technically ruled alongside his father King Henry II 1155 - 1183 {Henry} the Young King
81%
During 'The Anarchy' she briefly gained control of England from her cousin King Stephen 1141 - 1141 Empress {Matilda}
69%
Son of King Philip II of France, he controlled two thirds of England during the First Barons' War against King John 1216 - 1217 Louis
50%
Their marriage treaty meant he enjoyed all the titles of his wife Queen Mary I 1554 - 1558 Philip
50%
Appointed by the Witan after Harold Godwinson's defeat at the Battle of Hastings, he claimed the throne for just 64 days before submitting to William the Conqueror 1066 - 1066 {Edgar} Ætheling
38%
Inherited the title of Lord Protector and ruled until he was forcibly removed by the English Committee of Safety 1658 - 1659 {Robert} Cromwell
31%
Named as 'co-king' by his father King Stephen, but was never crowned as the Pope would not agree to it 1152 - 1153 Eugene
13%
No matching quizzes found
Score Distribution
Percent of People with Each Score
Percentile by Number Answered
Your Score History
You have not taken this quiz